| 000 | 006040000a22001930004500 | ||
|---|---|---|---|
| 090 |
_aAR _b00580 |
||
| 245 | 1 | 0 | _aBlood chemistry of the west Indian manatee (<Trichechus manatus>) |
| 650 | 1 | 4 |
_aVeterinaria _993538 |
| 650 | 1 | 4 |
_aFisiología animal _99500 |
| 650 | 1 | 4 |
_aMamíferos acuáticos _993274 |
| 653 |
_gTrichechus _eTrichechus manatus _vmanatí |
||
| 041 | 0 | _aInglés | |
| 700 | 1 |
_aBlack, D. J. _993651 |
|
| 700 | 1 |
_aBruss, M. L. _993652 |
|
| 700 | 1 |
_aBengtson, J. L. _993653 |
|
| 100 | 1 |
_aMedway, W. _993654 |
|
| 942 | _cARTICULO | ||
| 773 | 1 |
_tJournal of Wildlife Diseases _3223 _h2 _q229-233 _d1982 _g18 |
|
| 999 |
_c9672 _d9672 |
||